000 01808nam a2200445 c 4500
001 52344
003 ES-MaCES
005 20250203133932.0
008 220623s2022 sp l o000 | spa d
017 _aM 3082-2002
_bDL
020 _a9788447611218
024 7 _a137-22-036-1
_2nipo
024 7 _a094-22-020-7
_2nipo
040 _aES-MaCES
_bspa
_cES-MaCES
110 1 _aEspaña
_bMinisterio de Hacienda y Función Pública
_938369
245 0 0 _aDelegación de competencias
250 _a2ª ed.
260 _a[Madrid]
_bMinisterio de Hacienda y Función Pública
_bMinisterio de Asuntos Económicos y Transformación Digital
_c2022
300 _a74 p.
_c17 cm
490 1 _aTextos legales / separata del Boletín Oficial de los Ministerios de Hacienda y Función Pública y de Asuntos Económicos y Transformación Digital
_v2-2022
500 _aÍndices
541 _cGratuito
650 4 _acompetencia legal
_929890
650 4 _atransferencia de competencias
_930889
650 4 _aadministración pública
_927214
650 4 _aadministración financiera
_927208
650 4 _arecursos presupuestarios
_928071
650 4 _asubvención
_928117
650 4 _aayuda estatal
_928078
650 4 _aEspaña
_926964
650 4 _alegislación económica
_927161
650 4 _atexto
_929624
653 1 0 _aLegislación
710 1 _aEspaña
_bMinisterio de Hacienda y Función Pública
_eed.
_938369
710 1 _939704
_aEspaña
_bMinisterio de Asuntos Ecónomicos y Transformación Digital
_eed.
775 0 _tDelegación de competencias
_w(ES-MaCES)51333
830 0 _aTextos legales / separata del Boletín Oficial de los Ministerios de Hacienda y Función Pública y de Asuntos Económicos y Transformación Digital
_v2-2022
_940158
902 _aLIB Libro
942 _2CES
_cBK
_h6.1.
999 _c52344
_d52344